00834 a2200181 45000010006000000050017000060080041000230030015000640400040000790800045001192450032001642640039001963000019002355050355002540410008006091000016006177000019006334323320260407155716.0260407a1952 arg spa dAR-UNSa-BCEJYS aAR-UNSa-BCEJYSbspacAR-UNSa-BCEJYS a911.2:620.9xGeografía de la energía10aGeografía de la energía 1aBarcelona :bEdiciones Omegac1952 a424 p.c21 cm. aPrimera parte : Fuentes y formas de energía : 1. Los combustibles sólidos - 2. Los combustibles líquidos y los gases naturales - 3. La energía eléctronica - Segunda parte : El consumo de la energía : 1. El consumo y el comercio de la energía en las economías industriales - 2. Las economías con preponderancia de energía natural - aspa1 aForda, Luis1 aGeorge, Pierre